000 00384cam a2200169ua 4500
020 _cRs. 0.75
041 _amal
_h
082 _a894.812
_bMAT/KO
100 _aMattuthli, K J .
245 _aKoolibaki
260 _aTrichur :
_bViswabhararhi Press & Book Dept ,
_c1979.
300 _a56 ; .
365 _aRs. 0.75
504 _a
942 _cBK
999 _c4478
_d4478